00342nam a2200121Ia 4500008004100000082001600041100001800057245005900075260003100134300001400165630002800179650001300207211122s9999||||xx |||||||||||||| ||und|| a5.13bPAD-L aPadmavathi, L 0aLectures on Cyber Laws:Information Technology Act.2000 bS o GogiaaHyderabadc2015 axxx+349p. xPost Graduate Reference aCommerce